| 000 | 00453pab a2200169 454500 | ||
|---|---|---|---|
| 008 | 180718b2011 xxu||||| |||| 00| 0 eng d | ||
| 100 | _aArellano-Gault, David | ||
| 245 | _aTransparency reforms in the public sector: Beyond the new economics of organization | ||
| 260 | _c2011 | ||
| 300 | _ap.1029-1050. | ||
| 362 | _aAug | ||
| 650 | _aOrganizations | ||
| 700 | _aLepore, Walter | ||
| 773 | _aOrganization Studies | ||
| 908 | _aN | ||
| 909 | _a93379 | ||
| 999 |
_c93379 _d93379 |
||